Mapy za urzędowania prezydentów USA - Statystyki

Ogólne statystyki
  • Ten quiz został rozwiązany 22 razy
  • Średni wynik to 9 z 10
Statystyki odpowiedzi
Obrazkowy Odpowiedź % Poprawnych
Abraham Lincoln
100%
Donald Trump +1
100%
George H.W. Bush
100%
John F. Kennedy
95%
Franklin Delano Roosevelt +1
90%
Richard Nixon +3
90%
Ronald Reagan +1
90%
Harry Truman
85%
Woodrow Wilson
80%
James Polk
30%
Nie znaleziono quizów pasujących do podanych kryteriów
Rozkład punktacji
Procent ludzi z każdym wynikiem
Percentyl według liczby udzielonych odpowiedzi
Twoja historia wyników
Nie rozwiązałeś tego quizu